000 00849nas a2200277 4500
001 BR2017000113
003 BR-BrBNA
005 20231205130814.0
007 ta
008 230509b bl.|||p| |||| 00| 00por d
040 _aBR-BrBNA
_bpor
_cBiblioteca Nacional de Agricultura
041 _a(En)
072 _aH60
100 1 _aCarvalho, L.B. de
100 1 _aAlves, P.L. da C.A.
100 1 _aCosta, F.R. da
245 1 _aDifferential response of clones of eucalypt to glyphosate
650 _aEUCALIPTO
650 _aCLONE
650 _aERVA DANINHA
650 _aHERBICIDA
773 0 _tRevista Árvore (Brazil)
_xISSN 1806-9088
_g(Jan-Feb 2015), v. 39(1) p. 177-187
_wBR2017000113
856 4 0 _uhttp://www.scielo.br/pdf/rarv/v39n1/0100-6762-rarv-39-01-0177.pdf
909 _a202311
_bLúcia
_c55
_dLúcia Elande
942 _2AGRIS
_n0
_cANA
999 _c251359
_d251359